Statistics for SAT Words Mega-Scramble - S Words

Click here to take the quiz!

General Stats

  • This quiz has been taken 13 times
  • The average score is 18 of 30

Answer Stats

DefinitionAnswer% Correct
Dark, gloomy; or, black clothing of mournersSable
100%
Excessive sweetness or sentimentalitySaccharine
100%
Wrestling style that uses judo techniquesSambo
100%
An urn with a spigot to release hot water for teaSamovar
100%
Make something holy, consecrate; purify from sinSanctify
100%
Secluded space for reflection; or, a hallowed place of spiritual puritySanctum
100%
Delicious; appetizing in tasteSapid
100%
Possessing wisdom and discernmentSapient
100%
Woman’s garment consisting of several yards of lightweight clothSari
100%
Unrestrained revelry; licentious revelrySaturnalia
100%
Person who is exceptionally talented in their fieldSavant
100%
An Islamic title denoting noble lineageSayyid
100%
Sheath for a sword or knifeScabbard
100%
Loosen, scratch, or breakup some surface, such as a field or the skinScarify
100%
Delight or pleasure derived from the pain and hardships of othersSchadenfreude
100%
A structured framework or mental model; diagrammatic planSchema
100%
Thin, emaciated, or scrawny person or animalScrag
100%
Loose rock and sediment on a mountain slopeScree
100%
A portable covered chair typically carried by two servantsSedan
100%
Predominantly inactive and given to sitting; or, settled, not migratorySedentary
100%
Diligent, hardworking, perseveringSedulous
100%
A mythical seal that can transform into a humanSelkie
100%
The meaning and interpretation of words and languageSemantics
100%
Objects that can be perceived or experiencedSensibilia
100%
Brief statement converting a general wisdom; aphorismSententia
100%
Dull brown pigment often associated with old art or photographySepia
100%
Structure for storing human remains; tombSepulchre
100%
Isolate or separate from others for some particular purposeSequester
100%
Luck in finding unexpected valuable or pleasant thingsSerendipity
100%
Small lines or strokes on the letters of some typefacesSerif
100%
Church official responsible for burials and various maintenance tasksSexton
100%
Chaotic, disorganized, in complete disarrayShambolic
100%
Grooved wheel used with a rope to form a pulleySheave
100%
Sliding doors made of paper and woodShoji
100%
Displaying an irritable and nagging demeanorShrewish
100%
Prophetess; wise or mystical womanSibyl
100%
A symbol or emblem imbued with mystical or magical significanceSigil
100%
Small, personal seal or engraved emblem used for personal authenticationSignet
100%
Display a feigned or affected smile, often with underlying insinceritySimper
100%
Nervous or easily frightened; prone to fleeingSkittish
100%
Showing a lack of neatness, thoroughness, or proper organizationSlipshod
100%
Tarnish or stain; sullySmirch
100%
Lavish array of food items, featuring diverse culinary choicesSmorgasbord
100%
Irritable, difficult, or aggressive in dispositionSnarly
100%
State of agitation or irritation, especially when over trivial mattersSnit
100%
Dull, torpid, sluggishSodden
100%
Self-proclaimed; purported without established credentials (hyphenated)Soi-disant
100%
Reside temporarily; or, a short visitSojourn
100%
Personal discourse; the act of talking to oneselfSoliloquy
100%
Self-centred to the point of sociopathy; having extreme egocentricitySolipsistic
100%
Wise and just legislatorSolon
100%
Producing rich, deep, resonant sound or voiceSonorous
100%
Sleep inducing; tending to cause drowsinessSoporific
100%
Subtle hint; the mere trace of a clue or ingredientSoupçon
100%
Simple, austere; marked by extreme frugality and self-disciplineSpartan
100%
Intermittent; or, given to irregular and sudden bursts of activity or violenceSpasmodic
100%
Thorny; having a prickly or irritable dispositionSpinous
100%
A person who is spirited, assertive, and often impulsiveSpitfire
100%
The trail or tracks left by a wild animal; or, the trace of some person or thingSpoor
100%
Occuring irregularly or in unpredictable intervalsSporadic
100%
Steel bar or block used to stop or control the motion of a vehicle or machinerySprag
100%
Frothy foam or scum, often due to agitationSpume
100%
Sordid; foul, wrechted, morally repulsiveSqualid
100%
Low to the ground; or, stout and dumpy in appearanceSquatty
100%
Easily nauseated or disgustedSqueamish
100%
Upright post or supportStanchion
100%
Support, assist, or replace someone or something effectivelyStead
100%
Large earthenware beer mugStein
100%
Labourer who loads and unloads cargo from shipsStevedore
100%
One who receives a sum of money provided at regular intervalsStipendiary
100%
Person who displays self-control or indifference in regards to pleasure or painStoic
100%
Unemotional, impassive; or, resolute and able to endure difficulty without emotionStolid
100%
Temporary measure to address an issue until a permanent solution is foundStopgap
100%
Basin or vessel for holding liquids, especially in religious ceremonies; or, a beverage vessel or flagonStoup
100%
Arrange or differentiate into structured layersStratify
100%
Harsh, loud and grating in tone; discordanceStrident
100%
Dazed; in a state of deep lethargy, often due to illness or intoxicationStuporous
100%
Slender, pointed instrument for writing or drawingStylus
100%
Obstruct or hinder the progress ofStymie
100%
Having the property of stopping bleeding; astringentStyptic
100%
Smoothly gracious and sophisticated, often superficiallySuave
100%
Situated below, either hierarchically or spatiallySubjacent
100%
Include or incorporate something under a broader category or conceptSubsume
100%
Cunning strategy employed to deceive or misleadSubterfuge
100%
Female demon that seduces men to harm themSuccubus
100%
Gradually spread or diffuse through a space, often referring to fluid or emotionSuffuse
100%
Boundless, incalculableSumless
100%
Sever or separate forcefully; disuniteSunder
100%
Earnestly and humbly appeal to a higher powerSupplicate
100%
Form or discharge pus; festerSuppurate
100%
Irrational or nonsensicalSurd
100%
Broad area of dark or tanned land; or, dark and dusky in complexionSwarth
100%
Splash around hoisily in water; or, move violently and loudly; or, swagger, bravadoSwash
100%
Wrap in cloth or bandages; or, envelopSwathe
100%
Characterized by excessive flattery or insincere praise to gain favor; fawningSycophantic
100%
Official or representative of a corporation or government; or, a magistrateSyndic
100%
Council or assembly of religious leadersSynod
100%
Rhythmic contraction, especially the rhythmic contraction of the heartSystole
100%
Prominent, standing outSalient
67%
Characterized by romantic or sexual attraction between womenSapphic
67%
Pertaining to dressing well and tailored clothesSartorial
67%
Thorough defeat; overwhelming lossShellacking
67%
A likeness or resemblence between two entities; counterpartSimilitude
67%
Charactized by a formal, rigid, or uptight demeanorStarchy
67%
Characterized by tortuous, winding, or twisting elementsSerpentine
50%
Having a congenial and harmonious disposition; mutual understandingSimpatico
50%
Deceive, outwit, or trap someone cleverlySnooker
50%
Flood, freshet; sudden and unusually large or heavy outpouringSpate
50%
Fine, spray-like water droplets blown from breaking wavesSpindrift
50%
Magnificent; extraordinarily impressivein appearanceSplendiferous
50%
Couch, sofa; cushioned seat found in carriagesSquab
50%
Using fine dots or specks for engraving or for producing shading in artworkStipple
50%
The act of gaining influence through argument or entreatySuasion
50%
Add supplemental material; affix, attachSubjoin
50%
Tapering to a fine point; awl-like or needle-shapedSubulate
50%
Causing perspiration or sweatingSudoriferous
50%
Displaying haughty disdain or patronizing arroganceSupercilious
50%
Perceptions or occurences above the threshold of conscious awareness; able to stimulate a responseSupraliminal
50%
Civilian merchant who sells provisions to a military unitSutler
50%
Low-lying, marshy depression or valley often found between hillsSwale
50%
Verging on dizziness or disorientationSwimmy
50%
Woman characterized by a delicate and ethereal appearance; or, a mythological female spiritSylph
50%
Characterized by the blending of diverse religious or cultural traditionsSyncretic
50%
Sleepwalking; a state of performing actions while asleepSomnambulism
40%
Inviolable and sacred; hallowedSacrosanct
33%
Thin and weak, often unsteadySpindly
33%
Projection from the side of a ship, such as a gun platformSponson
33%
Financial grant or subsidy provided to support a specific project or institutionSubvention
33%
The display of aggression to assert dominance (hyphenated)Sabre-Rattling
0%
Relating to priests or priesthood; sacred or religious in characterSacerdotal
0%
Possessing keen perception, wisdom, and sound judgmentSagacious
0%
Arabic obeisance or ceremonial greetingSalaam
0%
Inappropriate suggestiveness; the quality of lewdnessSalacity
0%
A rotating forward jump in figure skatingSalchow
0%
Yellowish and pale in complexionSallow
0%
Energetic dance; or, abrupt movement or leapSaltation
0%
Cross-shaped symbol on a flag; an “X”Saltire
0%
Dull, insipid, lacking in characterSaltless
0%
Break in continuity; gap in logicSaltus
0%
Promoting good health and well-beingSalubrious
0%
Producing a positive effect; remedialSalutary
0%
Barrage of weapons fire; fusilladeSalvo
0%
The practice of kindness and charitySamaritanism
0%
The underground distribution of forbidden or censored literatureSamizdat
0%
Triangular pastry filled with meat or vegetablesSamosa
0%
East-Asian, flat-bottomed boat used for fishingSampan
0%
Having the power to heal or cure; therapeuticSanative
0%
Hypocritical show of religious devotion, piety, or moral superioritySanctimonious
0%
Hinder a competing party through covert or unfair meansSandbag
0%
Bubbling with optimism; cheerfully eagerSanguine
0%
Radical, working-class, political extremist (non-hyphenated compound word)Sansculotte
0%
Without worry; carefree and relaxed (two words)Sans souci
0%
The act or chemical process of making soapSaponification
0%
Military specialist for explosives and fortificationsSapper
0%
Exhibiting cynical or mocking humourSardonic
0%
Mass of floating vegetation; or, vast, stable seaweed region of the oceanSargasso
0%
A chemical weapon that acts as a nerve agentSarin
0%
Strut flamboyantly in an exaggerative mannerSashay
0%
Completely gratify a want or needSate
0%
Soak completely and thoroughlySaturate
0%
Steady and gloomy in mood; surly, melancholicSaturnine
0%
Lead poisoningSaturnism
0%
Walk leisurely and aimlessly; or, an unhurried strollSaunter
0%
Having a pattern or structure that resembles a ladderScalariform
0%
The analysis of poetic meter and rhythmScansion
0%
Cowardly character who demonstrates exaggerated buffooneryScaramouch
0%
A ditch adjacent to a parapet; or, an abrupt, cliff-like slopeScarp
0%
A wasteful person; or, an excessively generous philanthropistScattergood
0%
An essential plot element for a genre of story (three words; spaces scramble, too)Scène à faire
0%
Person involved in the latest trends and fashionsScenester
0%
An awkward buffoon; a bumblerSchlemiel
0%
Carry with some effort; or, a dull and tedious taskSchlep
0%
An unstressed mid-central vowel soundSchwa
0%
Minuscule amount or minute trace of a substanceScintilla
0%
Genealogical descendent; the heir of an aristocratic familyScion
0%
Process of splitting or dividing; or, a schismScission
0%
Showing symptoms associated with scurvyScorbutic
0%
Slag; waste material from metal smelting and refiningScoria
0%
Blind spot; localized part of the field of vision that is absent of visionScotoma
0%
A blind spot; a localized area in the field of vision lacking sightScotoma
0%
Long, ranting speech or writingScreed
0%
Scribe or professional writer, often of legal papersScrivener
0%
Feeling of doubt or hesitation arising from moral considerationsScruple
0%
Diligent and meticulous in moral or ethical mattersScrupulous
0%
Capable of being understood or decipheredScrutable
0%
Divination by crystal gazingScry
0%
Rapidly move in the manner of low-level cloudsScud
0%
Room for dishwashing and kitchenworkScullery
0%
Kitchen helper or menial kitchen workerScullion
0%
Opening cut through the bulwarks of a ship to allow passage of water; or, thwart a planScupper
0%
Given to abusive, vulgar, or offensive languageScurrilous
0%
Rumour-filled gossip; or, a cask on a ship with enough fresh water for a dayScuttlebutt
0%
Fatty or waxy in appearance or compositionSebaceous
0%
Withdrawal into seclusion, often from a political entitySecession
0%
Having bigoted, narrow-minded views, especially prejudice against outsidersSectarian
0%
Capable of being easily cut, shaped, or carvedSectile
0%
Pertaining to worldly matters, not spiritual or religiousSecular
0%
Maintaining a calm, unruffled dispositionSedate
0%
The promotion of rebellion or resistance against established authority.Sedition
0%
Female prophet or clairvoyantSeeress
0%
Isolate or ostracize for specific, often cultural or racial, criteriaSegregate
0%
A smooth transition between ideas or topicsSegue
0%
Profoundly, earth-shatteringly impactful; utterly transformativeSeismic
0%
The edge of a woven fabric, usually more tightly wound to prevent frayingSelvage
0%
System of communication that uses visual cues, particularly two flagsSemaphore
0%
Everlasting, enduring without endSempiternal
0%
Grouping or numbering based on the number sixSenary
0%
The state or condition of being elderly or near the end of the average lifespanSenescence
0%
Medical conditions or health issues arising after a primary illnessSequela
0%
Angelic, divine, heavenlySeraphic
0%
Dry, withered; in a state of desiccationSere
0%
Navigation instrument used for measuring anglesSextant
0%
Hebrew greeting and farewell, meaning “peace”Shalom
0%
Crude, makeshift dwelling or shelterShanty
0%
Demonstrating a bashful or self-conscious demeanourSheepish
0%
Phrase or password distinguishing the in-group from an out-groupShibboleth
0%
Thick, knotty stick or club used as a cudgelShillelagh
0%
Shallow area in a body of water, such as a sandbarShoal
0%
A horn, often a ram’s, that is blown for Jewish ceremoniesShofar
0%
A person who engages in unethical or unscrupulous legal practicesShyster
0%
The illicit exchange of money or good for religious favours or positionsSimony
0%
Representation or image that closely resembles the originalSimulacrum
0%
Position or job that requires little or no work but provides salarySinecure
0%
Bending and twisting in a smooth, flowing mannerSinuous
0%
Endlessly laborious and ultimately fruitless taskSisyphean
0%
Ancient Scandinavian poet or bard, known for composing sagas and epicsSkald
0%
Move in a disorderly or frantic manner; scurrySkelter
0%
Deceptive or underhanded behaviour; trickerySkullduggery
0%
Hydrate, quench one's thirst; treat a person or object with waterSlake
0%
Hasty and careless; lacking in attention to detailSlapdash
0%
Untidy because of laziness; slovenlySlatternly
0%
Artful dexterity or clever maneuveringSleight
0%
Plod through a persistently arduous taskSlog
0%
A habitually lazy or indolent personSluggard
0%
Characterized by a drowsy, tranquil, or sleep-inducting qualitySlumberous
0%
Insincerely ingratiating in demeanour or speech; possessing false earnestnessSmarmy
0%
A slight or superficial understanding of a subjectSmattering
0%
Very small or miniscule quantity or portionSmidgen
0%
Seize or obtain an item skullfully and quicklySnaffle
0%
Exhibiting an attitude of disdain or condescension; dismissively haughtySniffy
0%
Descriptive or familiar name for a person; nicknameSobriquet
0%
A conclusively powerful blow or argument that definitely settles the matterSockdolager
0%
Formal association with shared social, and often religious, objectivesSodality
0%
Elegant evening social functionSoiree
0%
A grammatical error; or, an embarrassing breach of social etiquetteSolecism
0%
Deeply worried or anxious; showing heightened concern and vigilanceSolicitous
0%
Extreme egocentrism; or, philosophical belief that only one's own mind existsSolipsism
0%
Trained wine expert; manager of a restaurant's wine serviceSommelier
0%
State of drowsiness or sleepiness, especially during the daySomnolence
0%
Predict the future; prophecizeSoothsay
0%
Involving clever but untrue arguments, often intended to deceiveSophistic
0%
Adulterate information or data to manipulate or mislead othersSophisticate
0%
Displaying immaturity, inexperience, or lack of sophistication in judgmentSophomoric
0%
Casting lots (using random chance) as a means for divinationSortilege
0%
System where individuals are chosen for public office through random selectionSortition
0%
Flirtatious young woman, especially in theatrical comediesSoubrette
0%
Soft murmuring or rustling sound, such as the windSough
0%
Squarely; directly, with military precisionSpang
0%
Small, shiny decorationSpangle
0%
A devoted, servile personSpaniel
0%
Superficially plausible but actually deceptive or misleadingSpecious
0%
Investor who engages in high risk ventures; or, one who guesses with weak evidenceSpeculator
0%
Hobby where one explores caves and underground cavernsSpelunking
0%
Person who maintains an enigmatic or mysterious figureSphinx
0%
Energetically wity; intellectually refinedSpirituel
0%
Containing a high concentration of alcoholSpirituous
0%
Relating to the internal organs; visceralSplanchnic
0%
Characterized by irritability, ill-temper, or a tendency to angerSplenetic
0%
The act of plundering or looting, especially in a destructive mannerSpoliation
0%
An unintentional swap of the initial sounds of words, such as "blushing crows" instead of "crushing blows"Spoonerism
0%
Intuitive understanding of language and its nuances; or, the character of a languageSprachgefühl
0%
The ability to perform with effortless grace, nonchalance, or artful easeSprezzatura
0%
Youthfully energetic; full of vitality and livelinessSprightly
0%
Trap typically attached to an elastic sapling to ensnare small animalsSpringe
0%
Lacking validity, legitimacy, or credibilitySpurious
0%
Brief, intense commotion, outcry, or commotionSquall
0%
Suppress or crush with forcible authority; stifleSquelch
0%
Short, satirical piece of writingSquib
0%
Marked by short, abrupt articulation; abrupt or disjointedStaccato
0%
Having a calm, steady, unadventurous demeanorStaid
0%
Tapering, icicle-like mineral deposit that hangs from the roof of a caveStalactite
0%
Spiritual Elder or advisor in Eastern Orthodox ChristianityStarets
0%
SculptorStatuary
0%
Upright stone slab or pillar, usually inscribed to serve as a memorial or monumentStela
0%
Arranged in a star-shaped pattern; resembling a star in shapeStellate
0%
Characterized by noisy, laboured breathing, resembling snoringStentorous
0%
Editorial instructing to disregard a correction; "let it stand"Stet
0%
Single line or metric unit in verse or poetryStich
0%
Dialogue in which characters exchange rapid, single lines of speech, such as in an argument or disputeStichomythia
0%
Refuse to comply out of stubborness, usually without sufficient reasonStickle
0%
Slender, sharply pointed daggerStiletto
0%
Covered walkway or portico, typically supported by columns; Ancient Greek portico where philosophers gatheredStoa
0%
Excessively filling or unappetizing; or, dull and conservativeStodgy
0%
Plug a hole, opening, or vent to prevent the escape of a substanceStopple
0%
Moving in a direction opposite the natural grain or pattern; against the grain, especially in woodcarvingStoss
0%
Cross-eyedness; the misalignment of the eyesStrabismus
0%
Facing difficulties or financial constrainments; suffering privationStraitened
0%
Method of torture where a victim is suspended by their hands, which are bound behind their backStrappado
0%
Cunning or deceitful tactic, particularly in warfare or politicsStratagem
0%
Broad, flat valley or lowland region, typically formed by a riverStrath
0%
Crumbly topping for baked good made of fat, sugar, and flourStreusel
0%
One of many parallel lines or grooves etched into a surfaceStriation
0%
Critical or censorious remark or comment; condemnationStricture
0%
Unpleasant, shrill, creaking noiseStridor
0%
Covered with stiff, straight, bristly hairsStrigose
0%
Strip of leather or fabric used to sharpen razors or bladesStrop
0%
Stanza; division in a poem or songStrophe
0%
Goiter; swelling of the thyroid glandStruma
0%
Potent toxin commonly used in the Victorian era in rat poisonStrychnine
0%
Render ineffective, absurd, or meaningless; impair, invalidateStultify
0%
Mental numbness or confusion, often resulting from shock or disbeliefStupefaction
0%
Dark, gloomy, or hellish in nature; profoundly dark and forbiddingStygian
0%
Slender probe used in medical procedures; or, a very pointed and very sharp daggerStylet
0%
Foundational structure that supports columns or pillarsStylobate
0%
Occurring beneath the skinSubdermal
0%
An entity exerting its influence to dominate, supress, or submerge some weaker entitySubduction
0%
Suddenly or abruptly, especially in music; without delaySubito
0%
Bring under complete domination; subdue, conquerSubjugate
0%
Negate, cancel; deny the crux of a formal or legal argumentSublate
0%
Transform or refine something, like emotions or impulses, into a more acceptable or elevated formSublimate
0%
Existing on or relating to the earth; worldly, not celestialSublunary
0%
Induce someone to commit perjury or another unlawful actSuborn
0%
Crafty or sly in a subtle or covert way; sagacious, discerningSubtile
0%
Substitute or replacement, especially in the context of medicine or therapySuccedaneum
0%
Following in a sequence or position; subsequentSuccedent
0%
Assistance, support, or relief provided during times of distress or needSuccor
0%
Room in a bathhouse for therapeutic or relaxing sweatingSudatorium
0%
Tacit acceptance or permission of something undesirable, often out of necessitySufferance
0%
Muslic mysticSufi
0%
One of a kind; unique (two words)Sui generis
0%
Having legal capacity of oneself; able to act independently (two words)Sui juris
0%
Having a temperment marked by anger, irritability, bitterness or a quick temper; or, blasphemousSulferous
0%
Tarnish or soil another's reputation or puritySully
0%
Comprehensive treatise, typically in philosophy or theologySumma
0%
Combine to create a cumulative effectSummate
0%
The highest or ultimate good, particularly in philosophical or ethical contexts (two words)Summum bonum
0%
Packhorse or mule, especially one used to carry military suppliesSumpter
0%
Relating to regulations that limit extravagant spending or personal indulgenceSumptuary
0%
Lavish, luxurious, overly expensiveSumptuous
0%
An assortment of small, unspecified goods or suppliesSundries
0%
Traditional practices and customs of Islam based on Muhammad's teachingsSunna
0%
Obsolete due to old age or extended service; outdated or excessively old-fashionedSuperannuated
0%
Going beyond what is required or expected, especially in moral or religious mattersSupererogatory
0%
Outward or surface appearance of an objectSuperficies
0%
Of the highest degree or quality; the bestSuperlative
0%
Pertaining to the heavens or the divine; transcendent, celestial, or superlatively goodSupernal
0%
Higher in rank or authoritySuperordinate
0%
Occur as an additional, unexpected resultSupervene
0%
Rotation of the forearm and hand so the palm faces upwardsSupination
0%
Disposed to lethargy, apathy, or indolence; given to listless loafingSupine
0%
Replace or displace someone, especially by using cunning or strategySupplant
0%
Expressing a humble and earnest plea or request; humbly entreatingSuppliant
0%
Falsely presented as genuine or authentic; fraudulent or counterfeitSupposititious
0%
Temporary respite or cessation of pain or sufferingSurcease
0%
Excessive amount; overabundanceSurfeit
0%
Loose, white religious vestment, often worn during church servicesSurplice
0%
Done secretly; clandestine or stealthySurreptitious
0%
Process of designating a surrogate or alternate representative; substitutionSurrogation
0%
Man's long, fashionable outer coat or overgarmentSurtout
0%
Monitor or observe closely; maintain active supervision over a personSurveil
0%
Inducing uncertainty or pause, especially in legal proceduresSuspensive
0%
Deep, often audible sigh expressing relief or exhaustionSuspire
0%
Act of providing support, maintenance, or nourishment; preservation, maintenanceSustentation
0%
Soft, murmuring or rustling sound, like a gentle whisperSusurrus
0%
Dominant or controlling authority in a political relationship; overlord or feudal lordSuzerain
0%
Slender and gracefully elegant in figure; litheSvelte
0%
Person who manipualtes or exercises control over another for personal gainSvengali
0%
Rustic fellow, peasant; or, a suitorSwain
0%
Display pretentious or ostentatious behaviour; show offSwank
0%
Stretch of land covered with grass, such as a lawnSward
0%
Dusky or blackened; or, malignant, harmfulSwart
0%
Liquid waste or refuse, especially remnants of food fed to pigs; or, drink in a gluttonous mannerSwill
0%
Person who seeks excessive luxury and self-indulgence in lifeSybarite
0%
Characterized by the love of luxury and pleasureSybaritic
0%
One who flatters others for personal gainSycophant
0%
Relating to or characteristic of the woods or forest; woodedSylvan
0%
Disrupt or interrupt the regular flow, especially or pattern of music or speech; cut shortSyncopate
0%
Abnormal fusion of two or more human fingers or toesSyndactyly
0%
Figure of speech where a part represents the wholeSynecdoche
0%
Harmonious interaction where the whole is greater than the sum of its part; or, belief in the cooperation of divine grace and human willSynergism
0%
Merging of sensory experiences, like hearing colours or tasing wordsSynesthesia
0%
Pertaining to the structural relationship of words in a sentenceSyntagmatic
0%
Effective conjunction of multiple elements in a coordinated manner; or, alignment of three celestial bodiesSyzygy
0%

Score Distribution

Percentile by Number Answered

Percent of People with Each Score

Your Score History

You have not taken this quiz